000 00863nam a2200241Ia 4500
003 GCL
005 20240530102935.0
008 140319s9999 xx 000 0 ara d
040 _aGCL /
_cGCL
082 0 4 _a320.962
_bع س
100 1 _aعلى الدين هلال
245 1 0 _aالسياسة والحكم فى مصر :
_bالعهد البرلمانى 1923-1952 /
_cعلى الدين هلال
260 _aالقاهرة :
_bمكتبة نهضة الشرق ،
_c1977
300 _a326 ص ؛
_c24 سم
650 0 4 _aالاحزاب السياسية
650 0 4 _aالحياة السياسية
650 0 4 _aالبرلمان
650 0 4 _aالسلطة
650 0 4 _aمصر - تاريخ
650 0 4 _aمصر - الاحوال السياسية
650 0 4 _aمصر - تاريخ - العصر الحديث - ثورة 23 يوليو 1952
942 _2ddc
_cBK
999 _c35520
_d35520